[Event "OLSW 2122 SVG Saarbrücken - SC GEMA St"]
[Site "?"]
[Date "2022.03.13"]
[Round "7.5"]
[White "Unbehend, Marius"]
[Black "Vogel, Christian"]
[Result "0-1"]
[WhiteElo "1578"]
[BlackElo "2187"]
[PlyCount "108"]
[EventDate "2022.??.??"]

1. e4 c5 2. d4 e6 3. c3 b6 4. Nf3 Bb7 5. e5 Nc6 6. Be2 Nge7 7. Bg5 d6 8. O-O
dxe5 9. dxe5 Qxd1 10. Rxd1 Ng6 11. Na3 h6 12. Nb5 hxg5 13. Nc7+ Ke7 14. Nxa8
Bxa8 15. Nxg5 Ncxe5 16. Rd2 Nf4 17. f3 f6 18. Ne4 Bxe4 19. fxe4 Nxe2+ 20. Rxe2
g5 21. a4 g4 22. a5 b5 23. a6 Bh6 24. Ra5 Bf4 25. Rxb5 Bxh2+ 26. Kf1 Rd8 27.
Rb7+ Rd7 28. Rd2 Rxb7 29. axb7 Nc6 30. g3 Bxg3 31. Rg2 Bc7 32. Rxg4 Nd8 33.
Rg7+ Kd6 34. Rg6 Nxb7 35. Rxf6 Na5 36. Ke1 Nc4 37. Rf2 Ke5 38. Re2 Ba5 39. Kd1
Nd6 40. Kc2 c4 41. b3 cxb3+ 42. Kxb3 Nxe4 43. c4 Kd4 44. Rh2 Nc5+ 45. Ka3 Kxc4
46. Rh4+ Kc3 47. Rh3+ Nd3 48. Ka4 Bb6 49. Kb5 e5 50. Rh1 e4 51. Rh2 e3 52. Re2
Nf4 53. Rxe3+ Bxe3 54. Ka6 Kb4 0-1

[Event "OLSW 2122 SVG Saarbrücken - SC GEMA St"]
[Site "?"]
[Date "2022.03.13"]
[Round "7.6"]
[White "Busche, Stefan"]
[Black "Mueller, Maximilian"]
[Result "1/2-1/2"]
[WhiteElo "2078"]
[BlackElo "1793"]
[PlyCount "85"]
[EventDate "2022.??.??"]

1. e4 e6 2. d4 d5 3. Nd2 Nf6 4. e5 Nfd7 5. c3 c5 6. Bd3 Nc6 7. Ne2 cxd4 8. cxd4
f6 9. exf6 Nxf6 10. Nf3 Bd6 11. O-O Qc7 12. Bg5 O-O 13. Bh4 Bd7 14. Bg3 Be8 15.
Rc1 h6 16. Ne5 Nh5 17. Re1 Nxg3 18. Nxg3 Bxe5 19. dxe5 Qb6 20. Qd2 Rd8 21. Bb1
Qd4 22. Qxd4 Nxd4 23. Bd3 Bb5 24. Bxb5 Nxb5 25. Ne2 d4 26. Rc5 a6 27. a4 d3 28.
axb5 dxe2 29. f3 Rd2 30. bxa6 bxa6 31. Kf2 Rxb2 32. Rxe2 Rfb8 33. Rc8+ Rxc8 34.
Rxb2 Rc5 35. f4 a5 36. Rb7 Kf8 37. Ra7 Rc4 38. Kf3 a4 39. g3 Rc3+ 40. Ke4 Rc2
41. h4 Ra2 42. g4 Ra1 43. Kf3 1/2-1/2

[Event "OLSW 2122 SVG Saarbrücken - SC GEMA St"]
[Site "?"]
[Date "2022.03.13"]
[Round "7.7"]
[White "Alhassan, Radwan"]
[Black "Horacek, Helmut"]
[Result "0-1"]
[WhiteElo "1638"]
[BlackElo "1960"]
[PlyCount "106"]
[EventDate "2022.??.??"]

1. d4 Nf6 2. c4 g6 3. Nc3 d5 4. cxd5 Nxd5 5. e4 Nxc3 6. bxc3 Bg7 7. Bc4 c5 8.
Ne2 Nc6 9. Be3 O-O 10. O-O cxd4 11. cxd4 b6 12. Rc1 Bb7 13. Bd5 Rc8 14. Qa4 Qd7
15. Rfd1 Rfd8 16. Kf1 e6 17. Bc4 Na5 18. Qxd7 Rxd7 19. Bb5 Rdc7 20. e5 Bf8 21.
Rxc7 Rxc7 22. Rc1 Rxc1+ 23. Bxc1 Bb4 24. f3 a6 25. Bd3 b5 26. Ng3 Bd5 27. Bb1
Nc6 28. Bb2 Bc4+ 29. Kf2 Ne7 30. Ne4 Nd5 31. g3 Kf8 32. Nc5 Bc3 33. Bxc3 Nxc3
34. Bc2 Nxa2 35. Nxa6 Nc3 36. Ke1 Ne2 37. Kd2 Nxd4 38. f4 Nf3+ 39. Kc3 Nxh2 40.
Bd3 Bxd3 41. Kxd3 h5 42. Ke2 Ke7 43. Nb4 Ng4 44. Nd3 Nh6 45. Nc5 Nf5 46. Ne4 h4
47. gxh4 Nxh4 48. Nd6 b4 49. Nb5 b3 50. Nc3 Kd7 51. Kd3 Ng2 52. Ne2 Kc6 53.
Nd4+ Kd5 0-1

[Event "OLSW 2122 SK Landau - SC Caissa Schwarz"]
[Site "?"]
[Date "2022.03.13"]
[Round "7.1"]
[White "Frischmann, Rick"]
[Black "Leuranguer, Yannick"]
[Result "1/2-1/2"]
[WhiteElo "2347"]
[BlackElo "2242"]
[PlyCount "254"]
[EventDate "2022.??.??"]

1. e4 e6 2. d4 d5 3. Nd2 c5 4. exd5 exd5 5. Ngf3 Nc6 6. Bb5 Bd6 7. O-O Nge7 8.
dxc5 Bxc5 9. Nb3 Bd6 10. c3 O-O 11. Bd3 h6 12. h3 Re8 13. Nbd4 a6 14. Be3 Bc7
15. Qc2 Qd6 16. Rfe1 Bd7 17. Nxc6 Nxc6 18. Bh7+ Kh8 19. Bf5 Ne5 20. Nxe5 Rxe5
21. Bxd7 Qxd7 22. Qb3 Rae8 23. Red1 Qc6 24. Rd3 Qd6 25. Rad1 R5e7 26. Qxd5 Qh2+
27. Kf1 Bb6 28. Qf3 Kg8 29. Rd7 Bxe3 30. fxe3 Qe5 31. Rxe7 Qxe7 32. Rd3 b5 33.
Qd5 Qf6+ 34. Kg1 Qg5 35. Qd7 Re6 36. Kh2 Qh5 37. Rd5 Qg6 38. Qa7 Kh7 39. Qd4
Re4 40. Qd3 f5 41. Rd4 Qe6 42. Rxe4 fxe4 43. Qd4 Qxa2 44. Qxe4+ Kg8 45. b4 Qe2
46. Qe6+ Kh8 47. Qe8+ Kh7 48. Qe5 Qd2 49. e4 Qe1 50. Qd4 h5 51. e5 h4 52. Qf4
Kg8 53. e6 Qxe6 54. Qxh4 Qc6 55. Qg3 Qe6 56. Qf4 Qg6 57. Qe5 Kh7 58. h4 Qg4 59.
Qd4 Qe6 60. Qf4 Qc6 61. Qf5+ Kh8 62. Qe5 Qg6 63. Kh3 Qd3+ 64. g3 Qf3 65. h5 Kh7
66. Kh4 Qh1+ 67. Kg5 Qc1+ 68. Kf5 Qf1+ 69. Ke6 Qc4+ 70. Ke7 Kh6 71. Kd6 Qg4 72.
Kc6 Qxh5 73. Qxh5+ Kxh5 74. Kb6 Kg4 75. Kxa6 Kxg3 76. Kxb5 g5 77. c4 g4 78. c5
Kf3 79. c6 g3 80. c7 g2 81. c8=Q g1=Q 82. Qf5+ Ke2 83. Qe4+ Kd2 84. Qd5+ Ke2
85. Qe5+ Kd3 86. Qd5+ Ke2 87. Qc4+ Kd2 88. Qc5 Qf1+ 89. Kb6 Qf6+ 90. Kc7 Qf7+
91. Kd8 Qg8+ 92. Kd7 Qf7+ 93. Qe7 Qc4 94. Qg5+ Kc3 95. b5 Qf7+ 96. Kd6 Qf8+ 97.
Qe7 Qh6+ 98. Kc5 Qh5+ 99. Kb6 Qg6+ 100. Ka7 Qg1+ 101. b6 Qf2 102. Qc7+ Kb4 103.
Qd6+ Kb5 104. Qd5+ Kb4 105. Kb7 Qf8 106. Qd4+ Kb5 107. Qd3+ Kb4 108. Qb1+ Ka5
109. Ka7 Qf2 110. Qb3 Qd4 111. Qa3+ Kb5 112. Qa6+ Kc6 113. Qc8+ Kb5 114. Qe8+
Ka5 115. Qh5+ Kb4 116. Qf7 Kb5 117. Qe8+ Ka5 118. Qc6 Qe3 119. Qd5+ Kb4 120.
Kb7 Qe7+ 121. Kc8 Qe8+ 122. Qd8 Qe6+ 123. Kb8 Kb5 124. b7 Ka6 125. Qc8 Qd5 126.
Qc7 Qg8+ 127. Qc8 Qd5 1/2-1/2

[Event "OLSW 2122 SK Landau - SC Caissa Schwarz"]
[Site "?"]
[Date "2022.03.13"]
[Round "7.2"]
[White "Seger, Jan"]
[Black "Jeschke, Jan"]
[Result "1-0"]
[WhiteElo "2166"]
[BlackElo "2149"]
[PlyCount "117"]
[EventDate "2022.??.??"]

1. e4 e6 2. d4 d5 3. Nc3 Bb4 4. e5 c5 5. a3 Bxc3+ 6. bxc3 Ne7 7. h4 Nbc6 8. h5
h6 9. Qg4 Qc7 10. Nf3 cxd4 11. cxd4 Nxe5 12. dxe5 Qc3+ 13. Kd1 Qxa1 14. Qxg7
Rg8 15. Qxh6 Bd7 16. Qf6 Ba4 17. Bd3 Rc8 18. Ke2 Rxc2+ 19. Bxc2 Qa2 20. Re1
Bxc2 21. Kf1 Qc4+ 22. Kg1 Qg4 23. Bg5 Nc6 24. Rc1 Qf5 25. h6 Qxf6 26. Bxf6 Bf5
27. Ng5 Rxg5 28. Bxg5 Kf8 29. Bf6 Kg8 30. f3 Kh7 31. g4 Bd3 32. Kf2 a5 33. Ke3
Bg6 34. Rc5 d4+ 35. Kd2 d3 36. f4 Kxh6 37. Ke3 Nd4 38. Rc1 Nc2+ 39. Kd2 Be4 40.
a4 Kg6 41. Bd8 Nd4 42. Ke3 Nb3 43. Rf1 Bd5 44. f5+ Kg7 45. Kxd3 Nc5+ 46. Kd4
Nxa4 47. Rf2 Kf8 48. Rh2 Ke8 49. Rh8+ Kd7 50. Bxa5 Kc6 51. f6 Kb5 52. Bd2 Nc5
53. Rf8 Ne4 54. Bc1 Ng3 55. Bf4 Ne2+ 56. Ke3 Nc3 57. Rxf7 Bc6 58. Kd3 Kb4 59.
Bd2 1-0

[Event "OLSW 2122 SK Landau - SC Caissa Schwarz"]
[Site "?"]
[Date "2022.03.13"]
[Round "7.3"]
[White "Chassard, Cedric"]
[Black "Silber, Henning"]
[Result "1/2-1/2"]
[WhiteElo "1961"]
[BlackElo "2292"]
[PlyCount "85"]
[EventDate "2022.??.??"]

1. e4 e5 2. Nf3 Nc6 3. Bb5 a6 4. Ba4 Nf6 5. O-O Be7 6. Re1 b5 7. Bb3 d6 8. c3
O-O 9. h3 h6 10. d4 Re8 11. Nbd2 Bf8 12. Nf1 Bb7 13. Ng3 Na5 14. Bc2 Nc4 15. a4
Nb6 16. dxe5 dxe5 17. Qxd8 Raxd8 18. axb5 axb5 19. Ra7 Rb8 20. Bd3 c6 21. b3
Nfd7 22. Be3 g6 23. Be2 Nc5 24. Rb1 Nc8 25. Ra5 Ra8 26. Rxa8 Bxa8 27. Bf1 f6
28. b4 Na4 29. c4 Nd6 30. Nd2 Nc3 31. Rb3 Na4 32. Ra3 Bb7 33. cxb5 cxb5 34.
Bxb5 Nxb5 35. Rxa4 Rc8 36. Ra5 Nd4 37. Ra7 Bc6 38. Nf3 Nc2 39. Bc5 Nxb4 40.
Bxf8 Rxf8 41. Nh4 Rf7 42. Rxf7 Kxf7 43. Nf3 1/2-1/2

[Event "OLSW 2122 SK Landau - SC Caissa Schwarz"]
[Site "?"]
[Date "2022.03.13"]
[Round "7.4"]
[White "Schmidt, Justus"]
[Black "Uhrig, Christian"]
[Result "1-0"]
[WhiteElo "2154"]
[BlackElo "2071"]
[PlyCount "77"]
[EventDate "2022.??.??"]

1. e4 c5 2. Nf3 e6 3. d3 Nc6 4. g3 e5 5. Bg2 Nf6 6. O-O Be7 7. c3 O-O 8. Re1 d6
9. Na3 Re8 10. Nc4 b5 11. Ne3 Be6 12. Ng5 Rc8 13. Nxe6 fxe6 14. Qb3 Bf8 15.
Qxb5 Nd7 16. Qb3 Qf6 17. Rf1 Rb8 18. Qd1 g5 19. Qh5 Be7 20. Bh3 Qf7 21. Qh6 Nf8
22. Bg4 Qf6 23. Qh3 Bd8 24. Bh5 Ng6 25. Bd1 Kh8 26. Ng4 Qg7 27. Ba4 Rc8 28. Qh5
Rg8 29. Kh1 Qf8 30. f3 Qe7 31. Be3 Nf8 32. f4 gxf4 33. gxf4 Qh4 34. Qxh4 Bxh4
35. Nh6 Rg7 36. f5 exf5 37. Nxf5 Rg4 38. h3 Bg5 39. hxg4 1-0

[Event "OLSW 2122 SK Landau - SC Caissa Schwarz"]
[Site "?"]
[Date "2022.03.13"]
[Round "7.5"]
[White "Tabatt, Hendrik"]
[Black "Bruch, Jochen"]
[Result "1-0"]
[WhiteElo "2323"]
[BlackElo "2202"]
[PlyCount "91"]
[EventDate "2022.??.??"]

1. Nf3 Nf6 2. g3 c5 3. Bg2 e6 4. O-O Be7 5. d3 O-O 6. e4 d6 7. Re1 Nc6 8. c3
Rb8 9. d4 cxd4 10. Nxd4 Bd7 11. h3 a6 12. Be3 Qc7 13. f4 b5 14. Nd2 Nxd4 15.
cxd4 Bc6 16. Bf2 Qb7 17. Qe2 a5 18. g4 Rfe8 19. g5 Nd7 20. h4 Rbc8 21. f5 Nf8
22. fxe6 fxe6 23. Qg4 e5 24. Nf3 Bd8 25. h5 Qd7 26. Qg3 Qe7 27. d5 Bd7 28. Rac1
Qf7 29. Rxc8 Bxc8 30. Bh3 Qb7 31. Rc1 Bb6 32. Rc6 Bxf2+ 33. Kxf2 Bd7 34. Rxd6
b4 35. Kg2 Bb5 36. Qf2 Qc7 37. Qb6 Qc2+ 38. Kg3 Be2 39. Be6+ Nxe6 40. Rxe6 Rf8
41. Rf6 gxf6 42. Qe6+ Kh8 43. Qe7 Kg8 44. g6 hxg6 45. hxg6 Qxe4 46. Qh7# 1-0

[Event "OLSW 2122 SK Landau - SC Caissa Schwarz"]
[Site "?"]
[Date "2022.03.13"]
[Round "7.6"]
[White "Vogel, Johannes"]
[Black "Gress, Alexander"]
[Result "1-0"]
[WhiteElo "2167"]
[BlackElo "2112"]
[PlyCount "93"]
[EventDate "2022.??.??"]

1. e4 c5 2. Nf3 d6 3. d4 cxd4 4. Nxd4 Nf6 5. Nc3 a6 6. Bg5 e6 7. f4 h6 8. Bxf6
Qxf6 9. Qd2 Nc6 10. Nxc6 bxc6 11. O-O-O Qd8 12. Bc4 Be7 13. Kb1 O-O 14. g4 Bb7
15. h4 d5 16. Bb3 dxe4 17. Qe2 Qa5 18. g5 h5 19. Rd7 Bc8 20. Rxe7 Qd8 21. Qxh5
Qxe7 22. Nxe4 Rd8 23. Rg1 Qa7 24. Rg3 Kf8 25. c3 Qc7 26. Rf3 c5 27. Qh8+ Ke7
28. Qxg7 Bb7 29. Qf6+ Kf8 30. Qh8+ Ke7 31. Qf6+ Kf8 32. Re3 c4 33. Qh8+ Ke7 34.
Qf6+ Kf8 35. Qh8+ Ke7 36. Qf6+ Kf8 37. Bc2 Rab8 38. Qh8+ Ke7 39. Qf6+ Ke8 40.
g6 Bxe4 41. Rxe4 Qb7 42. gxf7+ Kf8 43. Qh6+ Kxf7 44. Qxe6+ Kf8 45. b4 cxb3 46.
Bxb3 Qg7 47. Qf5+ 1-0

[Event "OLSW 2122 SK Landau - SC Caissa Schwarz"]
[Site "?"]
[Date "2022.03.13"]
[Round "7.7"]
[White "Forthoffer, Patrick"]
[Black "Lang, Matthias"]
[Result "1/2-1/2"]
[WhiteElo "2129"]
[BlackElo "2155"]
[PlyCount "70"]
[EventDate "2022.??.??"]

1. d4 Nf6 2. c4 g6 3. Nc3 Bg7 4. e4 d6 5. Nge2 O-O 6. Ng3 Nc6 7. d5 Nb8 8. Be2
Na6 9. O-O c6 10. Be3 Nc7 11. Qd2 c5 12. Rae1 Rb8 13. e5 dxe5 14. Bxc5 b6 15.
Be3 Ng4 16. Bxg4 Bxg4 17. Bh6 f6 18. Bxg7 Kxg7 19. f3 Bc8 20. Rd1 Ba6 21. b3 b5
22. cxb5 Nxb5 23. Nxb5 Bxb5 24. Rfe1 Rb7 25. Ne4 Qb6+ 26. Qf2 Qxf2+ 27. Kxf2
Rc8 28. Rd2 Rbc7 29. b4 Rc2 30. Red1 Rxd2+ 31. Rxd2 Rc1 32. g4 Rf1+ 33. Kg3
Rg1+ 34. Kf2 Rf1+ 35. Kg3 Rg1+ 1/2-1/2

[Event "OLSW 2122 SK Landau - SC Caissa Schwarz"]
[Site "?"]
[Date "2022.03.13"]
[Round "7.8"]
[White "Bold, Andre"]
[Black "Holle, Cedric"]
[Result "1/2-1/2"]
[WhiteElo "2132"]
[BlackElo "2110"]
[PlyCount "95"]
[EventDate "2022.??.??"]

1. e4 e5 2. Nf3 Nc6 3. Bc4 Bc5 4. d3 d6 5. Nc3 Nf6 6. Be3 O-O 7. Bxc5 dxc5 8.
h3 Qd6 9. Nd5 Na5 10. Nxf6+ Qxf6 11. Nd2 Rd8 12. Qf3 Qxf3 13. Nxf3 Nxc4 14.
dxc4 f6 15. Ke2 Be6 16. b3 c6 17. a4 b6 18. Rhd1 Kf7 19. Ne1 h5 20. Rxd8 Rxd8
21. Nd3 a5 22. h4 Re8 23. Ke3 Bc8 24. Rd1 Ke7 25. Rd2 Be6 26. g3 Bg4 27. f3 Be6
28. Rg2 Kf7 29. Rg1 Bc8 30. Rb1 Rd8 31. Re1 Re8 32. Re2 Be6 33. Rd2 Ke7 34. Rd1
Kf7 35. Rg1 Bc8 36. Rh1 Be6 37. Rc1 Bc8 38. Rb1 Be6 39. Ra1 Bc8 40. Rc1 Be6 41.
Rf1 Bc8 42. Rf2 Be6 43. Re2 Bc8 44. Rd2 Ke7 45. Rd1 Be6 46. Kf2 Bc8 47. Re1 Kf7
48. Rd1 1/2-1/2

[Event "OLSW 2122 Turm Illingen - SK Altenkirch"]
[Site "?"]
[Date "2022.03.13"]
[Round "7.2"]
[White "Klein, Joachim"]
[Black "Wagener, Claude"]
[Result "1-0"]
[WhiteElo "2178"]
[BlackElo "2224"]
[PlyCount "67"]
[EventDate "2022.??.??"]

1. d4 Nf6 2. Nf3 g6 3. Nc3 d5 4. Bf4 a6 5. h3 Bg7 6. e3 O-O 7. Bd3 c5 8. O-O c4
9. Be2 b5 10. Ne5 Bb7 11. b3 Nbd7 12. bxc4 dxc4 13. Bf3 Qc8 14. Rb1 Nxe5 15.
Bxe5 Bc6 16. a4 bxa4 17. Bxf6 Bxf6 18. Rb6 Bxf3 19. Qxf3 a3 20. Nd5 Qd8 21. Ra1
Bg7 22. Rc6 Qa5 23. Nxe7+ Kh8 24. Rxc4 Qb5 25. Rc3 Qb4 26. Nd5 Qd6 27. Rcxa3 f5
28. c3 g5 29. Nb4 Qd7 30. Rxa6 Rab8 31. Ra7 Qe6 32. R1a6 Qb3 33. Qh5 Qxc3 34.
Rg6 1-0

[Event "OLSW 2122 Turm Illingen - SK Altenkirch"]
[Site "?"]
[Date "2022.03.13"]
[Round "7.3"]
[White "Heidorn, Oliver"]
[Black "Kuhn, Patrick"]
[Result "1-0"]
[WhiteElo "2104"]
[BlackElo "2080"]
[PlyCount "119"]
[EventDate "2022.??.??"]

1. d4 d5 2. c4 e6 3. cxd5 exd5 4. Nc3 c6 5. Nf3 Bd6 6. Bg5 Ne7 7. e3 Bf5 8. Bd3
Bxd3 9. Qxd3 Qd7 10. O-O h6 11. Bf4 O-O 12. Ne5 Qe6 13. e4 dxe4 14. Nxe4 Nd5
15. Bg3 Be7 16. Rfe1 Nd7 17. Qb3 Bb4 18. Nc3 Bxc3 19. bxc3 Nxe5 20. Bxe5 Qd7
21. Rab1 b5 22. c4 bxc4 23. Qxc4 Rfe8 24. Rec1 Rac8 25. Rb3 c5 26. Rd1 Nb6 27.
Qf1 c4 28. Rg3 g6 29. Rc1 Qd5 30. Qd1 Rcd8 31. Qc2 Kh7 32. h4 Nd7 33. h5 Nxe5
34. dxe5 Re6 35. Qxc4 Rxe5 36. hxg6+ fxg6 37. Qa6 Qf7 38. Qxg6+ Qxg6 39. Rc7+
Kh8 40. Rxg6 Re1+ 41. Kh2 Re2 42. Rxh6+ Kg8 43. Rg6+ Kh8 44. Rc3 Rd7 45. Rh3+
Rh7 46. Ra6 Rxf2 47. Rxa7 Rxh3+ 48. Kxh3 Kg8 49. g4 Rc2 50. Kh4 Rc6 51. g5 Rb6
52. Kh5 Rc6 53. a4 Rb6 54. a5 Rc6 55. Rb7 Ra6 56. Rb5 Kg7 57. g6 Ra7 58. Kg5
Kg8 59. Kh6 Ra8 60. a6 1-0

[Event "OLSW 2122 Turm Illingen - SK Altenkirch"]
[Site "?"]
[Date "2022.03.13"]
[Round "7.4"]
[White "Biehler, Thomas"]
[Black "Hoegener, Claude"]
[Result "1/2-1/2"]
[WhiteElo "2244"]
[BlackElo "2087"]
[PlyCount "32"]
[EventDate "2022.??.??"]

1. c4 e6 2. g3 d5 3. Bg2 Nf6 4. Nf3 Be7 5. O-O O-O 6. d4 b6 7. Nc3 Bb7 8. Ne5
Nbd7 9. Bf4 Ne4 10. Rc1 Nxe5 11. Bxe5 Bd6 12. Bxd6 cxd6 13. cxd5 exd5 14. Bxe4
dxe4 15. d5 f5 16. f3 Qg5 1/2-1/2

[Event "OLSW 2122 Turm Illingen - SK Altenkirch"]
[Site "?"]
[Date "2022.03.13"]
[Round "7.5"]
[White "Telke, Holger"]
[Black "Hauer, Andreas"]
[Result "1/2-1/2"]
[WhiteElo "2086"]
[BlackElo "1908"]
[PlyCount "85"]
[EventDate "2022.??.??"]

1. d4 d5 2. Nf3 Nf6 3. e3 e6 4. Bd3 c5 5. c3 Bd6 6. Nbd2 Nc6 7. O-O O-O 8. dxc5
Bxc5 9. e4 dxe4 10. Nxe4 Be7 11. Qe2 e5 12. Rd1 Qc7 13. Nfg5 h6 14. Nxf6+ Bxf6
15. Nh7 Re8 16. Nxf6+ gxf6 17. Bxh6 e4 18. Bxe4 Qe5 19. Re1 Bf5 20. Qh5 Bg6 21.
Qh4 f5 22. f4 Qe7 23. Bg5 Qc5+ 24. Kh1 fxe4 25. Re3 f6 26. Qh6 Kf7 27. Bxf6
Kxf6 28. f5 Qxf5 29. Rg3 Ne5 30. Kg1 Rh8 31. Qe3 Kg7 32. Rg5 Qf6 33. Rf1 Qe6
34. Qxe4 Rae8 35. Rff5 Nf3+ 36. Qxf3 Qe1+ 37. Qf1 Qe3+ 38. Qf2 Qc1+ 39. Qf1 Re1
40. Rf7+ Kh6 41. Rxg6+ Kxg6 42. Rf6+ Kg5 43. Rf5+ 1/2-1/2

[Event "OLSW 2122 Turm Illingen - SK Altenkirch"]
[Site "?"]
[Date "2022.03.13"]
[Round "7.6"]
[White "Feidt, Jonas"]
[Black "Schmidt, Reiner"]
[Result "1-0"]
[WhiteElo "1589"]
[BlackElo "2122"]
[PlyCount "73"]
[EventDate "2022.??.??"]

1. c4 g6 2. g3 Bg7 3. Bg2 e5 4. Nc3 f5 5. d3 Nf6 6. e4 d6 7. Nge2 O-O 8. O-O
Nc6 9. Nd5 Be6 10. Bg5 Rb8 11. Rb1 Ne7 12. Qa4 c6 13. Nxf6+ Bxf6 14. Bxf6 Rxf6
15. Qxa7 fxe4 16. Bxe4 d5 17. cxd5 Bh3 18. d6 Qxd6 19. Rfe1 Rbf8 20. f3 c5 21.
Qxb7 g5 22. Qb3+ Be6 23. Qc3 Nd5 24. Qd2 g4 25. fxg4 c4 26. d4 R6f7 27. Rf1 Nf6
28. Bf5 Kh8 29. Bxe6 Qxe6 30. g5 Ng4 31. dxe5 Nxe5 32. Qd4 Kg8 33. Nf4 Qf5 34.
Rbe1 Re7 35. Kg2 Qxg5 36. Qd5+ Kh8 37. Ng6+ 1-0

[Event "OLSW 2122 Turm Illingen - SK Altenkirch"]
[Site "?"]
[Date "2022.03.13"]
[Round "7.7"]
[White "Kaster, Martin"]
[Black "Hoppstaedter, Daniel"]
[Result "0-1"]
[WhiteElo "2062"]
[BlackElo "1939"]
[PlyCount "104"]
[EventDate "2022.??.??"]

1. Nf3 Nf6 2. c4 g6 3. Nc3 Bg7 4. e4 d6 5. d4 O-O 6. Be2 e5 7. Bg5 h6 8. Bxf6
Qxf6 9. dxe5 dxe5 10. O-O Na6 11. a3 c6 12. Qc2 Nc7 13. h3 Ne6 14. Rad1 h5 15.
Ne1 Qg5 16. Nf3 Qe7 17. Qd2 Nd4 18. Qe3 Be6 19. Nxd4 exd4 20. Rxd4 Bxd4 21.
Qxd4 Qg5 22. f4 Qh4 23. Qe3 Rfe8 24. f5 Bxf5 25. Qf3 Be6 26. e5 Qd4+ 27. Kh1
Qxe5 28. Ne4 Bf5 29. Ng3 Qe3 30. Nxf5 Qxf3 31. Bxf3 gxf5 32. Bxh5 Re5 33. Bf3
Rd8 34. Rf2 Rd4 35. b3 Rd3 36. Rb2 Re1+ 37. Kh2 Ra1 38. b4 Rdxa3 39. Kg3 Rc3
40. Kf4 Rxc4+ 41. Kxf5 Kg7 42. Be2 Rd4 43. Ke5 Rd5+ 44. Ke4 Ra4 45. Ke3 Ra3+
46. Ke4 f5+ 47. Kf4 Kf6 48. Bf3 Rd4+ 49. Kg3 a6 50. h4 Ra4 51. h5 Raxb4 52. Re2
Rd8 0-1

[Event "OLSW 2122 Turm Illingen - SK Altenkirch"]
[Site "?"]
[Date "2022.03.13"]
[Round "7.8"]
[White "Aubertin, Tim"]
[Black "Hoefer, Heijo"]
[Result "1-0"]
[WhiteElo "1898"]
[BlackElo "1879"]
[PlyCount "49"]
[EventDate "2022.??.??"]

1. d4 Nf6 2. Bf4 e6 3. e3 c5 4. c3 Nc6 5. Nf3 d5 6. Bd3 Be7 7. Nbd2 O-O 8. Qe2
b6 9. O-O cxd4 10. exd4 Bb7 11. Ne5 Bd6 12. Nxc6 Bxc6 13. Bg5 Be7 14. f4 a5 15.
Rae1 Ra7 16. Rf3 h6 17. Bh4 Nh7 18. Bxe7 Rxe7 19. g4 Rc7 20. Rh3 Nf6 21. g5
hxg5 22. fxg5 Ne4 23. Nxe4 dxe4 24. Qh5 f5 25. g6 1-0

[Event "OLSW 2122 SK Gau-Algesheim - SF Heidesh"]
[Site "?"]
[Date "2022.03.13"]
[Round "7.4"]
[White "Meng, Gunter"]
[Black "Karst, Elmar"]
[Result "0-1"]
[WhiteElo "1977"]
[BlackElo "2310"]
[PlyCount "90"]
[EventDate "2022.??.??"]

1. d4 d5 2. Nf3 Nf6 3. Bf4 c5 4. e3 Nc6 5. c3 Qb6 6. Qc2 Bg4 7. Nbd2 e6 8. Bd3
Be7 9. h3 Bh5 10. O-O O-O 11. Qb3 c4 12. Qxb6 axb6 13. Bc2 b5 14. a3 Nd7 15.
Rfe1 Nb6 16. Bc7 Na4 17. Bxa4 bxa4 18. e4 Rfc8 19. exd5 exd5 20. Bf4 f6 21. Nf1
g5 22. Bd2 Ra5 23. Rad1 Kf7 24. Ne3 Bg6 25. Bc1 Rb5 26. g4 Bf8 27. Rd2 Na5 28.
Nf5 Bxf5 29. gxf5 Nc6 30. Rde2 h6 31. h4 Ne7 32. hxg5 hxg5 33. Bxg5 fxg5 34.
Nxg5+ Kg8 35. Rxe7 Bxe7 36. Rxe7 Rf8 37. Re5 Rxb2 38. Ne6 Rf6 39. Rxd5 Rb3 40.
Nc5 Rxc3 41. Ne4 Rc1+ 42. Kg2 Rf8 43. f6 c3 44. Rc5 c2 45. d5 Re1 0-1

[Event "OLSW 2122 SK Gau-Algesheim - SF Heidesh"]
[Site "?"]
[Date "2022.03.13"]
[Round "7.7"]
[White "Foerster, Erik"]
[Black "Grieb, Stefan"]
[Result "1/2-1/2"]
[WhiteElo "2082"]
[BlackElo "1893"]
[PlyCount "137"]
[EventDate "2022.??.??"]

1. Nf3 d5 2. g3 Nf6 3. d4 g6 4. Bg2 Bg7 5. O-O O-O 6. Be3 Nbd7 7. Qc1 Ne4 8.
Bh6 c6 9. Bxg7 Kxg7 10. c4 e6 11. Nc3 f5 12. Nd2 Qf6 13. e3 Nxd2 14. Qxd2 dxc4
15. Qe2 Nb6 16. f4 Bd7 17. Rac1 Nd5 18. a4 Rab8 19. Rfd1 Nxc3 20. Rxc3 b5 21.
axb5 cxb5 22. Ra3 Rf7 23. Rxa7 Qd8 24. Rda1 Qc8 25. g4 Bc6 26. Rxf7+ Kxf7 27.
gxf5 exf5 28. d5 Ba8 29. Qd2 Qc5 30. Qc3 b4 31. Qe5 Re8 32. Qd4 Qxd4 33. exd4
Rd8 34. Ra7+ Kf6 35. Ra6+ Kf7 36. d6 Bxg2 37. Kxg2 Ke6 38. Rc6 Kd5 39. Rb6 Kxd4
40. Rxb4 Rxd6 41. b3 Rc6 42. bxc4 Rxc4 43. Rb7 Ke4 44. Rxh7 Rc2+ 45. Kg3 Rc3+
46. Kg2 Kxf4 47. Rh4+ Kg5 48. Ra4 Rb3 49. Rc4 Re3 50. Ra4 Re4 51. Ra3 Rb4 52.
Rc3 Rg4+ 53. Kf3 Ra4 54. Kg2 Kf4 55. Rf3+ Ke4 56. Rg3 Ra6 57. Rb3 g5 58. Rb4+
Ke5 59. Rb5+ Kf6 60. h3 Ra2+ 61. Kg1 Kg6 62. Rb8 f4 63. Rf8 Ra6 64. h4 g4 65.
Rxf4 Kh5 66. Rb4 Kxh4 67. Rb3 Ra2 68. Rc3 g3 69. Rc8 1/2-1/2

[Event "OLSW 2122 SK Gau-Algesheim - SF Heidesh"]
[Site "?"]
[Date "2022.03.13"]
[Round "7.8"]
[White "Hipler, Andreas"]
[Black "Winkler, Nils"]
[Result "1/2-1/2"]
[WhiteElo "1801"]
[BlackElo "1850"]
[PlyCount "40"]
[EventDate "2022.??.??"]

1. d4 Nf6 2. Nf3 g6 3. g3 Bg7 4. Bg2 O-O 5. O-O d6 6. b3 c5 7. Bb2 cxd4 8. Nxd4
Qc7 9. c4 Nc6 10. e3 Bd7 11. Nc3 Rac8 12. Rc1 Qb8 13. Qd2 a6 14. Nd5 Nxd5 15.
cxd5 Nxd4 16. Bxd4 b5 17. Bxg7 Kxg7 18. b4 Rxc1 19. Rxc1 Rc8 20. Rc3 f6 1/2-1/2

[Event "OLSW 2122 SK Gau-Algesheim - SF Heidesh"]
[Site "?"]
[Date "2022.03.13"]
[Round "7.6"]
[White "Grieb, Lukas"]
[Black "Enzmann, Steffen"]
[Result "0-1"]
[WhiteElo "1804"]
[BlackElo "2166"]
[PlyCount "50"]
[EventDate "2022.??.??"]

1. e4 c5 2. Nf3 e6 3. d4 cxd4 4. Nxd4 Nc6 5. Nc3 Nf6 6. Ndb5 d6 7. Bf4 e5 8.
Bg5 a6 9. Na3 Be6 10. Bxf6 gxf6 11. Nc4 Rc8 12. Ne3 Bh6 13. Ncd5 Bxe3 14. Nxe3
Qb6 15. Bc4 Bxc4 16. Nxc4 Qb4+ 17. Nd2 Qxb2 18. Rb1 Qxa2 19. Rxb7 Nd8 20. Ra7
Qxc2 21. Rxa6 Qd3 22. Rb6 Ne6 23. Rb3 Qa6 24. f3 Nd4 25. Rb2 Rc1 0-1

[Event "OLSW 2122 SK Gau-Algesheim - SF Heidesh"]
[Site "?"]
[Date "2022.03.13"]
[Round "7.5"]
[White "Lantzsch, Christian"]
[Black "Erlekam, Simon"]
[Result "0-1"]
[WhiteElo "2204"]
[BlackElo "1879"]
[PlyCount "75"]
[EventDate "2022.??.??"]

1. d4 Nf6 2. Nf3 g6 3. Nc3 Bg7 4. e4 d6 5. Be3 Nbd7 6. Qd2 O-O 7. O-O-O Ng4 8.
Bg5 c5 9. h3 cxd4 10. Nxd4 Ngf6 11. Bh6 Nc5 12. Bxg7 Kxg7 13. Qe3 Qa5 14. f4
Be6 15. Nxe6+ Nxe6 16. e5 dxe5 17. fxe5 Ng8 18. Bc4 Qc5 19. Qe4 Ng5 20. Qe2
Rac8 21. Bb3 h6 22. h4 Nh7 23. g4 e6 24. Rd7 Qc6 25. Rhd1 Rc7 26. R7d6 Qc5 27.
Nb5 Re7 28. Nd4 Rc8 29. c3 Nf8 30. h5 g5 31. Nf3 a6 32. Bc2 Qc4 33. Qe3 Qxg4
34. Rg1 Qxh5 35. Nxg5 Kh8 36. Rdd1 Rc4 37. Nf3 Rg4 38. Rh1 0-1

[Event "OLSW 2122 SK Gau-Algesheim - SF Heidesh"]
[Site "?"]
[Date "2022.03.13"]
[Round "7.1"]
[White "Carow, Johannes"]
[Black "Ovsejevitsch, Sergei"]
[Result "0-1"]
[WhiteElo "2449"]
[BlackElo "2568"]
[PlyCount "94"]
[EventDate "2022.??.??"]

1. c4 e5 2. Nc3 Bb4 3. Nd5 Bc5 4. Nf3 e4 5. d4 Bf8 6. Nd2 c6 7. Nc3 d5 8. Ndb1
Na6 9. cxd5 cxd5 10. Qb3 Nc7 11. Bf4 Bd6 12. Bxd6 Qxd6 13. Na3 a6 14. Na4 Ne7
15. e3 O-O 16. Be2 Qg6 17. g3 b5 18. Nc5 Bh3 19. Nc2 Ne6 20. a4 Ng5 21. axb5
axb5 22. Rxa8 Rxa8 23. Qxb5 Qf6 24. Qb7 Re8 25. Bb5 Rf8 26. Nd7 Qf3 27. Nxf8
Qxh1+ 28. Kd2 Kxf8 29. Qc7 Nf3+ 30. Kc3 g6 31. Qd8+ Kg7 32. Qxe7 Qxh2 33. Be2
Qxf2 34. Bxf3 exf3 35. Qe5+ Kh6 36. Qf4+ g5 37. Qf6+ Kh5 38. Qxf7+ Kg4 39. Qxd5
Qe2 40. e4 f2 41. Qf5+ Kxg3 42. Qxg5+ Qg4 43. Qxg4+ Kxg4 44. Ne3+ Kf3 45. Kd2
f1=Q 46. Nxf1 Bxf1 47. e5 Ke4 0-1